000 nam a22 a 4500
999 _c160119
_d160119
003 BLK
005 20220221142946.0
008 180410b bul|||||r ||||||| ||bul||
040 _aBLK
041 _aBUL
_cBUL
080 _aБългарски език
_b811.163.2
_x-087
_z811.163.2-087
139 _aБългарска диалектология
_bБ 92
245 1 0 _aБългарска диалектология
_bПроучвания и материали : Кн. 1 -
_cсъавт. на том Элвира Ив. Зеленина; отг. ред. на том Христо Ст. Холиолчев; * Элвира Ив. Зеленина; * Христо Ст. Холиолчев.
_nКн. 10
_pСравнительный тематический словарь трех болгарских сел Молдавии
257 _aBGR
260 _bБАН
_c1962 -
_aСофия
300 _c25 см
380 _a80
650 4 _aБългарски език - диалекти
_9241883
653 _aбългарски език
653 _aдиалекти
700 1 _aЗеленина, Элвира Ив.
_eсъавт. на том
_969599
700 1 _aХолиолчев, Христо Ст.
_eотг. ред. на том
_9381622
700 1 _aЗеленина, Элвира Ив.
_e*
_969599
700 1 _aХолиолчев, Христо Ст.
_e*
_9381622
760 1 _d1981
_h180 с. : с ил.
_nИзд. на БАН. Инст. за бълг. ез. - 700 тир. - Азб. показалец.
_tКн. 10 Сравнительный тематический словарь трех болгарских сел Молдавии
852 _aЦб 25111
_bЦб
856 4 _qpdf
856 4 _qpdf
942 _cKNG
_n0
_s1
944 _aCR
_c14.11.2014
_l14.11.2014 - от С1,Р / 14.11.2014
_kНаталия_Любомирова
944 _aED
_c14.11.2014
_l14.11.2014 - от С1,Р / 14.11.2014
944 _aED
_c2022-02-21
_l2022-02-21
999 _d160119
999 _d160119
999 _d160119